000 00869nam a22001937a 4500
008 100311t xxu||||| |||| 00| 0 eng d
020 _a9781856178433
082 _222
_a622.33819
_bLYO
100 _aLyons, William C.
_912487
245 _aWorking guide to drilling equipment and operations /
_cWilliam C. Lyons.
260 _aAmsterdam :
_bGulf Professional,
_cc.2010.
300 _axiv, 602 p. :
_b:ill. ;
_c23 cm.
500 _aIncludes bibliographical references and index.
500 _aFormerly CIP.
650 _aOil well drilling -- Equipment and supplies.
_912488
650 _aGas well drilling -- Equipment and supplies.
_912489
942 _2ddc
_cBB
999 _c13635
_d13635